| 000 | 01019nam a22003017a 4500 | ||
|---|---|---|---|
| 003 | CHAP | ||
| 005 | 20220329133231.0 | ||
| 008 | 971013s1991 r 00010 d | ||
| 010 | _a3727 | ||
| 011 | _a4699 | ||
| 035 | _a3903 | ||
| 040 | _cCHAP | ||
| 082 |
_a634.9073 _bT4 |
||
| 100 | 0 | 0 |
_aTeeguarden, Dennis E. _9111987 |
| 245 |
_aShaping forestry's future _b: seventy-tive years of forestry education at the University of California, 1914-1989 |
||
| 260 |
_aBerkeley, Ca. : _bUniversity of California. Department of Forestry and Resource Management, _c1991 |
||
| 300 | _a533 p. | ||
| 500 | _aD51-53 | ||
| 590 |
_aBATCH-UPD _b10 _c20130110 _lUCH01 _h2317 |
||
| 590 |
_aBATCH-UPD _b10 _c20130409 _lUCH01 _h2019 |
||
| 590 |
_aBATCH-UPD _b10 _c20130914 _lUCH01 _h1310 |
||
| 590 |
_aCONVERSION _b10 _c20130109 _lUCH01 _h1303 |
||
| 650 | 1 | 4 |
_aEnseƱanza forestal _xE.U.A. _937096 |
| 700 | 0 |
_aZivnuska, John A. _9124087 |
|
| 901 | _aBK | ||
| 942 | _cLIBRO | ||
| 949 |
_a634.9073 T4 _bBC _cLIBRO _d-13433 _eLIBRO _h80533 _i3903 _mD _si |
||
| 999 |
_c3727 _d3727 |
||